00539 a2200181 4500260001000000630007800010650004900088100002200137260003500159245005400194300000900248650004700257260000900304300001000313100000700323037000900330020001800339 aParis a65 - Gestion et organisation de l'industrie du commerce et des transports a6 - SCIENCES APPLIQUEES MEDECINE TECHNOLOGIE aCadiou, Christian bCampus entreprise université aLe redéploiement stratégique de l'entreprise  a237p aEntreprise : développement : stratégie c1990 b22 cm lFr a6886 a2-7081-1241-4